000 00325nam a2200121 a 4500
001 4140
005 20140414131941.0
008 090218s19uu xx 00 eng d
050 _aTR 170
_bSa9 2005
245 _aSaving the old apple tree :
_ba book about caring for the environment.
650 _aEnvironment
999 _c112596
_d112596